| 000 | 00615nam a2200193 a 4500 | ||
|---|---|---|---|
| 001 | 000011267 | ||
| 005 | 20240412074224.0 | ||
| 008 | 091015s1975 dr r 000 p spa d | ||
| 040 |
_aDO-SdBNP _bspa _cBNPHU |
||
| 082 |
_aRD861.44 _bR696f |
||
| 100 | 1 |
_aRodríguez Fiol, Manuel M. _926789 |
|
| 245 | 1 | 0 |
_aFlores dispersas : _blibro de poesías / _cManuel M. Rodríguez Fiol. |
| 260 |
_aSanto Domingo : _bGente, _c1975. |
||
| 300 |
_a70 p. ; _c22 cm. |
||
| 590 | _aInventariado, 2018/BT | ||
| 650 | 0 |
_aPoesía dominicana _966 |
|
| 650 | 0 |
_aLiteratura dominicana. _967 |
|
| 910 | _aValidado. Control de calidad. MMOLINA | ||
| 999 |
_c10984 _d10984 |
||